000 00366pab a2200145 454500
008 180718b1985 xxu||||| |||| 00| 0 eng d
100 _aBasu, Kaushik
245 _aIndia's fiscal policy
_bLobbies and acquiresecene
260 _c1985
300 _a715-16
362 _a20 Apr.
650 _aBudget - India
773 _aEconomic and Political Weekly
909 _a4735
999 _c4735
_d4735